000
00260nam a2200109Ia 4500
008
240625s9999 xx 000 0 und d
041
_a
eng
082
_a
658.404 MIC
100
_a
MICROSOFT
245
_a
MICROSOFT OFFICE PROJECT PROFESSIONAL 20
260
_c
2003
999
_c
34053
_d
34053